Les noms de Mammifères par lettres -O - Statistiques

Statistiques générales
  • Ce quiz a été pris 87 fois
  • Le résultat moyen est 10 sur 24
Statistiques - réponses
Par images Réponse % Correct
Ours
100%
Orque
97%
Orang-outan
95%
Otarie
91%
Ornithorynque
85%
Okapi
79%
Ocelot
67%
Opossum
65%
Ouistiti
50%
Orignal
49%
Oryx
44%
Oryctérope
36%
Onagre
24%
Oreillard
17%
Otocyon
15%
Ouakari
14%
Oncille
9%
Oréotrague
5%
Ourébi
4%
Octodon
3%
Oppossum-souris
3%
Olingo
1%
Oppossum laineux
1%
Oppossum-musaraigne
1%
Aucun quiz correspondant
Distribution des résultats
% des personnes avec chaque résultat
Percentile par nombre de réponses
Votre historique - résultats
Vous n’avez pas pris ce quiz